000 00561nam a2200217Ia 4500
001 1367
008 140313s9999 xx 000 0 und d
020 _a70106355
040 _cPK-LaUMT
082 _a 657.044
_bCHA-I
100 _aLanny G.Chasteen
245 _aIntermediate accounting
_cLanny G.Chasteen<>Melvin O'Connor<>Richard E.Flaherty
250 _a4th
260 _aNew York, USA:
_bMcGraw-Hill,
_c1992.
300 _a1244 p.
546 _aEN
650 _aAccounting
700 _aMelvin O'Connor
700 _aRichard E.Flaherty
942 _cBK
999 _c1676
_d1676